Statistiques concernant Pyramide de mots n°14

Cliquez ici pour prendre le quiz!

Statistiques générales

  • Ce quiz a été pris 409 fois
  • Le résultat moyen est 4 sur 6

Statistiques - réponses

LettresIndicesMots% Correct
V,UType de rayonsUV
99%
SensVue
92%
Célèbre muséeLouvre
78%
DestinéVoué
53%
Aouh! fémininLouve
46%
Peut être côteléVelours
41%

Distribution des résultats

Percentile par nombre de réponses

% des personnes avec chaque résultat

Votre développement - résultats

Vous n’avez pas pris ce quiz